[Event "Condigne Dutch Open 2018"]
[Site "Dieren"]
[Date "2018.08.01"]
[Round "8"]
[White "Buckels, Valentin"]
[Black "Leenhouts, Koen"]
[Result "1/2-1/2"]
[WhiteElo "2353"]
[BlackElo "2483"]
[Annotator "ChessBase"]
[PlyCount "161"]
[EventDate "2018.07.24"]
[EventType "swiss"]
[EventCountry "NED"]
[SourceTitle "playchess.com"]
[Source "ChessBase"]
[SourceQuality "1"]
[TimeControl "40/5400+30:1800+30"]

1. d4 {[%emt 0:00:00]} Nf6 {[%emt 0:03:56]} 2. Nf3 {[%emt 0:00:00]} e6 {[%emt 0:00:16]} 3. Bf4 {[%emt 0:00:26]} d5 {[%emt 0:00:22]} 4. e3 {[%emt 0:00:12]} Bd6 {[%emt 0:00:06]} 5. Bxd6 {[%emt 0:00:56]} Qxd6 {[%emt 0:00:16]} 6. c4 {[%emt 0:00:07]} O-O {[%emt 0:05:50]} 7. Nc3 {[%emt 0:00:19]} dxc4 {[%emt 0:08:25]} 8. Bxc4 {[%emt 0:03:54]} a6 {[%emt 0:00:54]} 9. O-O {[%emt 0:01:09]} b5 {[%emt 0:02:23]} 10. Bd3 {[%emt 0:00:55]} Bb7 {[%emt 0:00:26]} 11. Ng5 {[%emt 0:04:32]} Nbd7 {[%emt 0:03:11]} 12. Rc1 {[%emt 0:04:29]} Rac8 {[%emt 0:08:05]} 13. Nce4 {[%emt 0:09:21]} Qd5 {[%emt 0:10:33]} 14. Qf3 {[%emt 0:04:37]} Rfd8 {[%emt 0:08:27]} 15. Nxf6+ {[%emt 0:14:22]} Nxf6 {[%emt 0:03:02]} 16. Qxd5 {[%emt 0:00:46]} Bxd5 {[%emt 0:01:16]} 17. a3 {[%emt 0:04:34]} h6 {[%emt 0:05:55]} 18. Nh3 {[%emt 0:00:20]} Be4 {[%emt 0:09:22]} 19. Bxe4 {[%emt 0:02:57]} Nxe4 {[%emt 0:00:45]} 20. Rc6 {[%emt 0:00:18]} a5 {[%emt 0:07:18]} 21. Rfc1 {[%emt 0:03:32]} a4 {[%emt 0:01:45]} 22. Nf4 {[%emt 0:01:10]} e5 {[%emt 0:01:41]} 23. Ne2 {[%emt 0:03:54]} Nd2 {[%emt 0:02:42]} 24. R1c5 {[%emt 0:06:39]} exd4 {[%emt 0:01:46]} 25. Nxd4 {[%emt 0:02:32]} Nb3 {[%emt 0:01:18]} 26. Rxb5 {[%emt 0:00:30]} Rxd4 {[%emt 0:03:29]} 27. exd4 {[%emt 0:00:07]} Nxd4 {[%emt 0:00:05]} 28. Rbc5 {[%emt 0:02:59]} Nxc6 {[%emt 0:00:03]} 29. Rxc6 {[%emt 0:00:04]} Rb8 {[%emt 0:00:25]} 30. Rc2 {[%emt 0:00:05]} Kf8 {[%emt 0:00:28]} 31. Kf1 {[%emt 0:00:27]} Rb7 {[%emt 0:00:04]} 32. Ke2 {[%emt 0:00:26]} Ke7 {[%emt 0:00:13]} 33. Kd2 {[%emt 0:00:11]} Kd6 {[%emt 0:01:15]} 34. Kc1 {[%emt 0:00:23]} Rb5 {[%emt 0:02:36]} 35. Re2 {[%emt 0:02:59]} Rh5 {[%emt 0:04:11]} 36. h3 {[%emt 0:00:12]} Rg5 {[%emt 0:00:40]} 37. g4 {[%emt 0:03:53]} Rc5+ {[%emt 0:01:03]} 38. Kd2 {[%emt 0:01:36]} f5 {[%emt 0:01:17]} 39. Re8 {[%emt 0:01:33]} Rb5 {[%emt 0:00:53]} 40. Kc2 {[%emt 0:00:19]} Rb3 {[%emt 0:01:56]} 41. gxf5 {[%emt 0:39:53]} Rxh3 {[%emt 0:12:47]} 42. Rg8 {[%emt 0:00:00]} Rf3 {[%emt 0:00:42]} 43. Rxg7 {[%emt 0:00:00]} h5 {[%emt 0:00:13]} 44. Rg5 {[%emt 0:00:00]} h4 {[%emt 0:00:05]} 45. Rh5 {[%emt 0:00:00]} Rxf2+ {[%emt 0:04:55]} 46. Kd3 {[%emt 0:00:00]} Rf4 {[%emt 0:01:41]} 47. Ke3 {[%emt 0:00:00]} Rc4 {[%emt 0:00:16]} 48. f6 {[%emt 0:00:00]} Ke6 {[%emt 0:00:10]} 49. Rh6 {[%emt 0:00:00]} Rg4 {[%emt 0:01:07]} 50. Kf3 {[%emt 0:00:00]} Rc4 {[%emt 0:01:31]} 51. Ke3 {[%emt 0:00:00]} c5 {[%emt 0:00:28]} 52. Kf3 {[%emt 0:00:00]} Rd4 {[%emt 0:03:20]} 53. Ke3 {[%emt 0:00:00]} Rg4 {[%emt 0:03:28]} 54. Kf3 {[%emt 0:00:00]} Rc4 {[%emt 0:00:05]} 55. Ke3 {[%emt 0:00:00]} Rd4 {[%emt 0:00:08]} 56. Rh5 {[%emt 0:00:00]} Rc4 {[%emt 0:01:26]} 57. Rh6 {[%emt 0:00:00]} Kf7 {[%emt 0:00:11]} 58. Kf3 {[%emt 0:00:08]} Rd4 {[%emt 0:00:02]} 59. Ke3 {[%emt 0:00:27]} Rg4 {[%emt 0:00:10]} 60. Kf3 {[%emt 0:00:28]} Rc4 {[%emt 0:00:16]} 61. Ke3 {[%emt 0:00:22]} Rd4 {[%emt 0:00:05]} 62. Rh5 {[%emt 0:00:29]} Rc4 {[%emt 0:05:32]} 63. Rh6 {[%emt 0:00:09]} Ke6 {[%emt 0:00:51]} 64. Kf3 {[%emt 0:00:50]} Rd4 {[%emt 0:00:10]} 65. Ke3 {[%emt 0:00:10]} Rg4 {[%emt 0:00:34]} 66. Kf3 {[%emt 0:00:06]} Rg3+ {[%emt 0:00:26]} 67. Kf2 {[%emt 0:00:45]} Rh3 {[%emt 0:00:34]} 68. Kg2 {[%emt 0:00:47]} Rb3 {[%emt 0:00:23]} 69. Rxh4 {[%emt 0:00:12]} Rxb2+ {[%emt 0:00:05]} 70. Kf1 {[%emt 0:01:26]} Kxf6 {[%emt 0:00:20]} 71. Rc4 {[%emt 0:01:17]} Rb5 {[%emt 0:00:05]} 72. Rxa4 {[%emt 0:00:13]} Ke5 {[%emt 0:00:07]} 73. Ke2 {[%emt 0:00:15]} Kd5 {[%emt 0:00:07]} 74. Kd3 {[%emt 0:00:21]} Rb3+ {[%emt 0:00:10]} 75. Kc2 {[%emt 0:00:14]} Rh3 {[%emt 0:00:09]} 76. Rg4 {[%emt 0:00:26]} Rxa3 {[%emt 0:00:19]} 77. Rh4 {[%emt 0:00:06]} Rg3 {[%emt 0:00:07]} 78. Rh5+ {[%emt 0:00:55]} Kc4 {[%emt 0:00:07]} 79. Rh4+ {[%emt 0:00:04]} Kb5 {[%emt 0:00:04]} 80. Rf4 {[%emt 0:00:04]} c4 {[%emt 0:00:22]} 81. Rf8 {[%emt 0:00:13]} 1/2-1/2

[Event "Condigne Dutch Open 2018"]
[Site "Dieren"]
[Date "2018.08.01"]
[Round "8"]
[White "Anand Nadar"]
[Black "Wiersma, Eelke"]
[Result "1/2-1/2"]
[WhiteElo "2346"]
[BlackElo "2346"]
[Annotator "NA"]
[PlyCount "36"]
[EventDate "2018.07.24"]
[EventType "swiss"]
[EventCountry "NED"]
[SourceTitle "playchess.com"]
[Source "ChessBase"]
[SourceQuality "1"]
[TimeControl "40/5400+30:1800+30"]

1. d4 {[%emt 0:00:00]} Nf6 {[%emt 0:00:00]} 2. c4 {[%emt 0:00:00]} e6 {[%emt 0:00:00]} 3. g3 {[%emt 0:00:07]} c5 {[%emt 0:00:03]} 4. Nf3 {[%emt 0:02:39]} cxd4 {[%emt 0:00:59]} 5. Nxd4 {[%emt 0:00:52]} d5 {[%emt 0:00:26]} 6. Bg2 {[%emt 0:00:10]} e5 {[%emt 0:00:16]} 7. Nf3 {[%emt 0:00:04]} d4 {[%emt 0:00:36]} 8. O-O {[%emt 0:00:04]} Nc6 {[%emt 0:00:10]} 9. e3 {[%emt 0:04:58]} Be7 {[%emt 0:02:08]} 10. exd4 {[%emt 0:09:03]} exd4 {[%emt 0:00:18]} 11. Bf4 {[%emt 0:01:55]} O-O {[%emt 0:01:35]} 12. Ne5 {[%emt 0:03:10]} Qb6 {[%emt 0:02:19]} 13. Qb3 {[%emt 0:05:42]} Na5 {[%emt 0:14:34]} 14. Qb5 {[%emt 0:19:21]} Be6 {[%emt 0:04:06]} 15. b3 {[%emt 0:00:16]} Qxb5 {[%emt 0:14:36]} 16. cxb5 {[%emt 0:00:38]} a6 {[%emt 0:07:53]} 17. b6 {[%emt 0:09:49]} Nd5 {[%emt 0:05:41]} 18. Bd2 {[%emt 0:11:35]} Bd6 {[%emt 0:01:36]} 1/2-1/2

[Event "Condigne Dutch Open 2018"]
[Site "Dieren"]
[Date "2018.08.01"]
[Round "8"]
[White "Maatman, Nick"]
[Black "Ivanisevic, Ivan"]
[Result "0-1"]
[WhiteElo "2345"]
[BlackElo "2567"]
[Annotator "TA"]
[PlyCount "136"]
[EventDate "2018.07.24"]
[EventType "swiss"]
[EventCountry "NED"]
[SourceTitle "playchess.com"]
[Source "ChessBase"]
[SourceQuality "1"]

{[%evp 13,136,-9,8,-12,20,-52,26,20,25,0,0,0,20,17,53,43,88,86,115,127,124,120,121,73,145,133,121,156,141,68,85,25,118,109,126,124,158,0,172,191,522,175,204,33,156,150,162,106,129,95,175,152,153,113,150,153,152,0,137,92,122,108,133,133,183,179,221,229,261,256,325,327,318,189,178,147,166,86,133,160,238,245,183,190,233,0,0,0,0,0,0,0,0,0,0,0,0,0,0,0,0,0,0,0,0,0,0,0,0,0,0,-8,0,-29979,-29981,-29980,-29981,-29986,-29987,-29987,-29988,-29994,-29992,-29994,-29995]} 1. d4 Nf6 2. c4 e6 3. Nc3 Bb4 4. Qc2 d5 5. Nf3 c5 6. cxd5 exd5 7. e3 O-O {LiveBook: 5 Games} 8. Be2 {E38: Nimzo-Indian: Classical: 4...c5} Bg4 (8... Nc6 9. O-O cxd4 10. exd4 Bg4 11. Rd1 h6 12. h3 Bh5 13. Be3 Rc8 14. Rac1 Na5 15. Qa4 Bxc3 16. Rxc3 Rxc3 17. bxc3 {½-½ (40) Granda Zuniga,J (2646)-Hammer,J (2635) Norway 2015}) 9. a3 $146 (9. dxc5 $11 Nbd7 10. O-O) ({Predecessor:} 9. O-O c4 10. a3 Ba5 11. Ne5 Bxe2 12. Nxe2 Nbd7 13. f4 Ne4 14. Nc3 Bxc3 15. bxc3 Nxe5 16. fxe5 {0-1 (32) Hensinger,E-Baumgartner,W Bad Woerishofen 1992}) 9... cxd4 (9... Bxc3+ $1 $15 10. bxc3 Qc7) 10. axb4 $11 {White has an edge.} dxc3 11. bxc3 {[%cal Bb2c3,Bc3c4][%mdl 32]} Nbd7 12. O-O Qc7 13. Bb2 a6 14. c4 $1 Bxf3 15. gxf3 Ne5 {[%cal Re5c4]} 16. Qf5 Nxc4 17. Bxf6 gxf6 18. f4 Rfd8 {[#]} (18... Nd6 $142 19. Qxd5 (19. Qxf6 Ne4 $16) 19... Kh8) 19. Kh1 $1 $16 (19. Qxf6 $6 Rd6 $16) (19. Bd3 Qd7 $14) 19... Qc6 20. Rg1+ $40 {[%mdl 128] White wants a kill.} Kf8 21. Qxh7 (21. b5 axb5 22. Rxa8 d4+ 23. f3 Rxa8 $11) (21. Rac1 $16) 21... Ke7 22. Bh5 (22. Bf3 $16) 22... Rf8 (22... d4+ $11 {keeps the balance.} 23. f3 Nd6 24. exd4 Rh8 25. Rge1+ Kd7 26. Bg4+ f5 27. Bxf5+ Kc7) 23. Rac1 Qe6 {aiming for ...Rh8.} 24. Bg4 Qc6 25. Bh5 $2 (25. Rgd1 $16) 25... Rae8 $2 (25... Qe6 $1 $11 {and Black has nothing to worry.} 26. Bg4 Qc6) 26. Rg7 $18 {[%cal Rh5f7]} Kd8 $2 (26... Qe6 27. Bg4 Qc6) 27. Bf3 $2 (27. Bxf7 b5 28. Bxe8 Rxe8 29. Rd1) 27... Re7 28. Qf5 $2 ({Better is} 28. Rd1 $18) 28... Rd7 ({Black should try} 28... Nxe3 $1 $14 29. Qb1 Nc4) 29. Rgg1 $16 Kc7 30. Rgd1 (30. h4 $18) 30... Rfd8 31. Rd4 b5 (31... Qe6 $16 32. Qg4 f5) 32. Rcd1 Nb6 33. Qh5 Kb8 34. Bg4 Rc7 35. Bf3 $2 (35. h4 $16) 35... Qc2 (35... Rcd7 $1 $11 {remains equal.}) 36. Qh4 ({Worse is} 36. Bxd5 Qxf2 37. Qf3 (37. Bxf7 $2 Rxd4 38. exd4 Rxf7 $19) 37... Qb2 $15) 36... Rc6 37. h3 Rg8 38. Rg1 Rgc8 39. Rg7 R8c7 {[#]} 40. Kg2 $1 Nc4 41. Kg3 ({And not} 41. Bxd5 Nxe3+ 42. Kg1 (42. Kh2 $2 Nf5 $19) 42... Nxd5 $17) 41... Nd6 42. Rxd5 Ne4+ 43. Bxe4 (43. Kh2 $142) 43... Qxe4 $18 44. Rd8+ Ka7 45. f5 (45. Qh7 $18 Qxb4 46. Rxf7) 45... Qxh4+ 46. Kxh4 $16 {[%mdl 4096] Endgame KRR-KRR} Rc4+ (46... a5 $16) 47. Rg4 $18 a5 48. bxa5 b4 49. Kh5 $2 ({White should play} 49. Rd1 $18) 49... Rxg4 $1 $11 50. hxg4 {KR-KR} b3 51. Rd3 b2 52. Rb3 Rb7 53. Rxb2 $1 Rxb2 {KR-KP} 54. Kh6 $1 Rxf2 {...Rc2 is the strong threat.} 55. Kg7 Rg2 56. Kxf6 Rxg4 57. Kxf7 {KR-K3P} Kb7 {[#]} 58. a6+ $1 {[%mdl 512]} Kc6 {White must now prevent ...Kd6.} (58... Kxa6 59. f6) 59. a7 Ra4 60. Ke6 Ra6 {Strongly threatening ...Kc7+.} (60... Rxa7 $5 61. f6 $8 Rd7 $11) 61. f6 {Hoping for f7.} Kc5+ 62. Kf7 Rxa7+ {KR-KPP} 63. Kg8 $2 {[%mdl 8192]} (63. Ke6 $11) 63... Ra8+ {Black mates.} 64. Kg7 Kd6 65. e4 Ke6 66. e5 Ra7+ 67. Kg8 Rb7 68. Kh8 Kxe5 {Precision: White = 48%, Black = 37%.} 0-1

[Event "Condigne Dutch Open 2018"]
[Site "Dieren"]
[Date "2018.08.01"]
[Round "8"]
[White "De Jong, Migchiel"]
[Black "Hausrath, Daniel"]
[Result "0-1"]
[WhiteElo "2339"]
[BlackElo "2495"]
[Annotator "ChessBase"]
[PlyCount "104"]
[EventDate "2018.07.24"]
[EventType "swiss"]
[EventCountry "NED"]
[SourceTitle "playchess.com"]
[Source "ChessBase"]
[SourceQuality "1"]
[TimeControl "40/5400+30:1800+30"]

1. d4 {[%emt 0:00:00]} Nf6 {[%emt 0:00:00]} 2. Nf3 {[%emt 0:00:12]} e6 {[%emt 0:02:13]} 3. c4 {[%emt 0:01:33]} Nc6 {[%emt 0:01:21]} 4. Nc3 {[%emt 0:05:25]} Bb4 {[%emt 0:01:33]} 5. Bd2 {[%emt 0:00:27]} Bxc3 {[%emt 0:06:43]} 6. Bxc3 {[%emt 0:00:07]} Ne4 {[%emt 0:00:17]} 7. Rc1 {[%emt 0:02:20]} d6 {[%emt 0:02:29]} 8. g3 {[%emt 0:04:26]} O-O {[%emt 0:00:50]} 9. Bg2 {[%emt 0:00:06]} Qe7 {[%emt 0:03:16]} 10. O-O {[%emt 0:00:14]} Nxc3 {[%emt 0:00:07]} 11. Rxc3 {[%emt 0:00:06]} e5 {[%emt 0:00:24]} 12. d5 {[%emt 0:00:43]} Nb8 {[%emt 0:01:55]} 13. Nd2 {[%emt 0:00:56]} Bg4 {[%emt 0:08:08]} 14. Re1 {[%emt 0:02:47]} Nd7 {[%emt 0:00:48]} 15. b4 {[%emt 0:01:04]} a5 {[%emt 0:00:47]} 16. a3 {[%emt 0:00:06]} axb4 {[%emt 0:01:36]} 17. axb4 {[%emt 0:00:06]} Ra2 {[%emt 0:06:49]} 18. h3 {[%emt 0:08:29]} Bh5 {[%emt 0:01:15]} 19. c5 {[%emt 0:00:36]} dxc5 {[%emt 0:09:33]} 20. Ne4 {[%emt 0:00:35]} b6 {[%emt 0:02:43]} 21. bxc5 {[%emt 0:00:15]} bxc5 {[%emt 0:02:49]} 22. Qc1 {[%emt 0:02:25]} Rxe2 {[%emt 0:10:02]} 23. Rxe2 {[%emt 0:00:13]} Bxe2 {[%emt 0:00:03]} 24. Nxc5 {[%emt 0:00:13]} Nf6 {[%emt 0:00:17]} 25. Qb2 {[%emt 0:04:25]} Bh5 {[%emt 0:02:36]} 26. Na6 {[%emt 0:00:17]} e4 {[%emt 0:08:01]} 27. Nxc7 {[%emt 0:01:25]} Rd8 {[%emt 0:00:22]} 28. Qb6 {[%emt 0:03:52]} h6 {[%emt 0:07:17]} 29. Qd4 {[%emt 0:10:55]} Rd7 {[%emt 0:03:32]} 30. Rc6 {[%emt 0:00:30]} Rd8 {[%emt 0:07:09]} 31. d6 {[%emt 0:00:57]} Qd7 {[%emt 0:00:23]} 32. Nd5 {[%emt 0:14:19]} Ne8 {[%emt 0:01:08]} 33. Qe5 {[%emt 0:00:55]} Bf3 {[%emt 0:01:54]} 34. Ne7+ {[%emt 0:02:45]} Kh8 {[%emt 0:02:38]} 35. Bxf3 {[%emt 0:12:49]} exf3 {[%emt 0:00:03]} 36. g4 {[%emt 0:07:35]} Nxd6 {[%emt 0:00:37]} 37. Rc3 {[%emt 0:00:46]} Nc4 {[%emt 0:02:45]} 38. Qe1 {[%emt 0:02:44]} Qd1 {[%emt 0:02:06]} 39. Qxd1 {[%emt 0:02:06]} Rxd1+ {[%emt 0:00:03]} 40. Kh2 {[%emt 0:00:05]} Nd2 {[%emt 0:00:56]} 41. h4 {[%emt 0:33:50]} Kh7 {[%emt 0:03:45]} 42. Rc2 {[%emt 0:00:00]} Ne4 {[%emt 0:10:47]} 43. Nf5 {[%emt 0:00:00]} Rf1 {[%emt 0:02:32]} 44. Ne3 {[%emt 0:00:00]} Re1 {[%emt 0:00:14]} 45. Nf5 {[%emt 0:00:00]} Re2 {[%emt 0:01:57]} 46. Nd4 {[%emt 0:00:00]} Rxf2+ {[%emt 0:00:17]} 47. Rxf2 {[%emt 0:00:00]} Nxf2 {[%emt 0:00:03]} 48. g5 {[%emt 0:00:00]} Ng4+ {[%emt 0:00:36]} 49. Kg3 {[%emt 0:00:00]} f2 {[%emt 0:00:09]} 50. Kg2 {[%emt 0:00:00]} hxg5 {[%emt 0:00:12]} 51. hxg5 {[%emt 0:00:00]} Kg6 {[%emt 0:00:08]} 52. Nf3 {[%emt 0:00:00]} Kf5 {[%emt 0:00:40]} 0-1

[Event "Condigne Dutch Open 2018"]
[Site "Dieren"]
[Date "2018.08.01"]
[Round "8"]
[White "De Boer, Eelke"]
[Black "Viani Antonio Dcunha"]
[Result "1/2-1/2"]
[WhiteElo "2317"]
[BlackElo "2404"]
[Annotator "NA"]
[PlyCount "84"]
[EventDate "2018.07.24"]
[EventType "swiss"]
[EventCountry "NED"]
[SourceTitle "playchess.com"]
[Source "ChessBase"]
[SourceQuality "1"]
[TimeControl "40/5400+30:1800+30"]

1. e4 {[%emt 0:00:00]} c5 {[%emt 0:00:25]} 2. Nf3 {[%emt 0:00:00]} e6 {[%emt 0:00:04]} 3. d4 {[%emt 0:00:00]} cxd4 {[%emt 0:00:08]} 4. Nxd4 {[%emt 0:00:00]} a6 {[%emt 0:00:07]} 5. Bd3 {[%emt 0:00:02]} Bc5 {[%emt 0:01:00]} 6. Nb3 {[%emt 0:00:07]} Be7 {[%emt 0:00:14]} 7. O-O {[%emt 0:00:10]} Qc7 {[%emt 0:01:51]} 8. Qg4 {[%emt 0:02:42]} g6 {[%emt 0:00:13]} 9. Qe2 {[%emt 0:00:10]} d6 {[%emt 0:02:02]} 10. Na3 {[%emt 0:03:28]} Nd7 {[%emt 0:03:11]} 11. Nc4 {[%emt 0:01:01]} Ngf6 {[%emt 0:04:33]} 12. Bh6 {[%emt 0:03:08]} b6 {[%emt 0:09:49]} 13. a4 {[%emt 0:07:42]} Bb7 {[%emt 0:02:10]} 14. Rae1 {[%emt 0:22:20]} Rg8 {[%emt 0:09:48]} 15. f4 {[%emt 0:08:04]} d5 {[%emt 0:08:42]} 16. exd5 {[%emt 0:01:58]} Nxd5 {[%emt 0:00:37]} 17. Ne5 {[%emt 0:05:51]} Nc5 {[%emt 0:06:04]} 18. Nd4 {[%emt 0:05:26]} Nxd3 {[%emt 0:07:21]} 19. Qxd3 {[%emt 0:02:22]} Bc5 {[%emt 0:04:20]} 20. c3 {[%emt 0:05:12]} O-O-O {[%emt 0:01:21]} 21. Kh1 {[%emt 0:01:57]} Rge8 {[%emt 0:08:38]} 22. Qc4 {[%emt 0:06:56]} f6 {[%emt 0:07:11]} 23. Nef3 {[%emt 0:02:20]} e5 {[%emt 0:04:04]} 24. fxe5 {[%emt 0:00:44]} fxe5 {[%emt 0:00:04]} 25. Nb3 {[%emt 0:01:54]} Bd6 {[%emt 0:01:15]} 26. Nbd2 {[%emt 0:01:20]} Kb8 {[%emt 0:03:29]} 27. Qxc7+ {[%emt 0:02:24]} Bxc7 {[%emt 0:00:09]} 28. Bg5 {[%emt 0:00:18]} Rc8 {[%emt 0:01:17]} 29. Re2 {[%emt 0:06:24]} Nf4 {[%emt 0:04:31]} 30. Bxf4 {[%emt 0:02:40]} exf4 {[%emt 0:00:05]} 31. Rfe1 {[%emt 0:00:07]} Rxe2 {[%emt 0:01:07]} 32. Rxe2 {[%emt 0:00:05]} h6 {[%emt 0:01:51]} 33. Re6 {[%emt 0:02:30]} Rg8 {[%emt 0:02:22]} 34. Kg1 {[%emt 0:02:33]} Bc8 {[%emt 0:03:15]} 35. Re7 {[%emt 0:00:52]} g5 {[%emt 0:00:49]} 36. Ne4 {[%emt 0:01:30]} Bb7 {[%emt 0:00:54]} 37. Nd4 {[%emt 0:00:54]} Bd8 {[%emt 0:00:39]} 38. Re6 {[%emt 0:00:18]} Bd5 {[%emt 0:01:14]} 39. Re5 {[%emt 0:00:08]} Bb7 {[%emt 0:00:08]} 40. Re6 {[%emt 0:00:58]} Bd5 {[%emt 0:01:59]} 41. Re5 {[%emt 0:30:07]} Bb7 {[%emt 0:30:22]} 42. Re6 {[%emt 0:00:14]} h5 {[%emt 0:00:00]} 1/2-1/2

[Event "Condigne Dutch Open 2018"]
[Site "Dieren"]
[Date "2018.08.01"]
[Round "8"]
[White "Rajesh, V A V"]
[Black "Lai, Hing Ting"]
[Result "1/2-1/2"]
[WhiteElo "2309"]
[BlackElo "2447"]
[Annotator "TA"]
[PlyCount "67"]
[EventDate "2018.07.24"]
[EventType "swiss"]
[EventCountry "NED"]
[SourceTitle "playchess.com"]
[Source "ChessBase"]
[SourceQuality "1"]

{[%evp 24,67,0,8,41,43,65,58,52,50,41,41,32,33,30,16,40,47,40,24,39,29,56,54,85,88,88,85,96,62,106,91,90,89,92,92,96,98,107,107,109,110,127,85,89,68]} 1. d4 Nf6 2. c4 e6 3. Nc3 Bb4 4. e3 b6 5. Bd3 Bb7 6. Nf3 O-O 7. O-O d5 8. cxd5 exd5 9. a3 Bd6 10. b4 Nbd7 11. Qc2 {E52: Nimzo-Indian: Rubinstein: 4...0-0 5 Nf3 d5 6 Bd3 b6} a6 12. Bb2 Qe7 13. b5 {[#] LiveBook: 3 Games. The position is equal.} a5 $146 ({Predecessor:} 13... g6 14. Rfe1 Rfe8 15. h3 a5 16. Nd2 Ne4 17. Re2 Ndf6 18. Nf3 Nxc3 19. Qxc3 {½-½ (51) Fedoseev,V (2674)-Goganov,A (2598) St Petersburg 2015}) 14. Qb3 Rad8 15. Rac1 Rfe8 16. Rfe1 Nf8 17. Ne2 Ne4 18. Ng3 g6 19. Ne5 Bxe5 20. dxe5 Ne6 21. Qc2 N4c5 {Black wants to play ...d4.} 22. Ne2 Rd7 23. f4 Ne4 24. Nd4 Nxd4 25. exd4 Qh4 26. g3 Qh6 27. Qe2 {White is better.} f5 28. Rc2 (28. Qe3 {is interesting.} Qf8 29. Rc2 Rc8 30. Rec1 Rg7 31. Bf1) 28... Qg7 29. Qf3 Qf7 30. Rec1 Ree7 31. a4 Qe6 32. Ba3 Rg7 33. Rg2 Rdf7 34. Qe3 {Precision: White = 67%, Black = 61%.} 1/2-1/2

[Event "Condigne Dutch Open 2018"]
[Site "Dieren"]
[Date "2018.08.01"]
[Round "8"]
[White "Ashwath, R."]
[Black "Melde, Benjamin"]
[Result "1/2-1/2"]
[WhiteElo "2285"]
[BlackElo "2108"]
[Annotator "NA"]
[PlyCount "113"]
[EventDate "2018.07.24"]
[EventType "swiss"]
[EventCountry "NED"]
[SourceTitle "playchess.com"]
[Source "ChessBase"]
[SourceQuality "1"]
[TimeControl "40/5400+30:1800+30"]

1. d4 {[%emt 0:00:00]} Nf6 {[%emt 0:00:00]} 2. c4 {[%emt 0:00:05]} g6 {[%emt 0:00:00]} 3. Nc3 {[%emt 0:00:02]} Bg7 {[%emt 0:00:00]} 4. g3 {[%emt 0:00:26]} O-O {[%emt 0:00:07]} 5. Bg2 {[%emt 0:00:02]} d6 {[%emt 0:00:08]} 6. Nf3 {[%emt 0:00:22]} Nc6 {[%emt 0:00:08]} 7. O-O {[%emt 0:00:31]} a6 {[%emt 0:00:05]} 8. h3 {[%emt 0:00:57]} Bd7 {[%emt 0:00:40]} 9. e4 {[%emt 0:01:09]} e5 {[%emt 0:00:08]} 10. dxe5 {[%emt 0:00:55]} Nxe5 {[%emt 0:02:02]} 11. Nxe5 {[%emt 0:06:21]} dxe5 {[%emt 0:00:10]} 12. Bg5 {[%emt 0:01:26]} c6 {[%emt 0:07:51]} 13. Na4 {[%emt 0:15:17]} Qa5 {[%emt 0:14:59]} 14. Be3 {[%emt 0:10:05]} Rfe8 {[%emt 0:15:59]} 15. a3 {[%emt 0:21:39]} Qc7 {[%emt 0:04:44]} 16. Bb6 {[%emt 0:01:28]} Qc8 {[%emt 0:00:45]} 17. Bc5 {[%emt 0:03:22]} Qd8 {[%emt 0:14:39]} 18. Bb6 {[%emt 0:05:22]} Qc8 {[%emt 0:00:08]} 19. Ba5 {[%emt 0:04:35]} Rb8 {[%emt 0:02:34]} 20. Nb6 {[%emt 0:01:28]} Qd8 {[%emt 0:02:06]} 21. Qd2 {[%emt 0:03:04]} Be6 {[%emt 0:04:19]} 22. Qe3 {[%emt 0:06:18]} Qe7 {[%emt 0:04:39]} 23. Rfd1 {[%emt 0:06:02]} Rbd8 {[%emt 0:00:55]} 24. Bc3 {[%emt 0:00:34]} Rxd1+ {[%emt 0:08:01]} 25. Rxd1 {[%emt 0:00:01]} Rd8 {[%emt 0:00:06]} 26. Rd2 {[%emt 0:02:12]} Nd7 {[%emt 0:02:19]} 27. Bb4 {[%emt 0:01:05]} Qe8 {[%emt 0:00:20]} 28. Na4 {[%emt 0:04:00]} a5 {[%emt 0:08:29]} 29. Bxa5 {[%emt 0:01:02]} Ra8 {[%emt 0:00:05]} 30. b4 {[%emt 0:00:15]} Bxc4 {[%emt 0:00:14]} 31. Kh2 {[%emt 0:01:40]} Bf8 {[%emt 0:00:48]} 32. Rxd7 {[%emt 0:01:10]} Rxa5 {[%emt 0:02:18]} 33. Nb6 {[%emt 0:00:06]} Rb5 {[%emt 0:01:00]} 34. Rxb7 {[%emt 0:00:43]} Qd8 {[%emt 0:01:00]} 35. Qc3 {[%emt 0:01:31]} Rxb6 {[%emt 0:00:41]} 36. Rxb6 {[%emt 0:00:03]} Qxb6 {[%emt 0:00:04]} 37. Qxc4 {[%emt 0:00:02]} Qxf2 {[%emt 0:00:14]} 38. Qxc6 {[%emt 0:01:08]} Bh6 {[%emt 0:02:52]} 39. Qe8+ {[%emt 0:00:29]} Kg7 {[%emt 0:00:09]} 40. Qxe5+ {[%emt 0:00:30]} Kg8 {[%emt 0:00:04]} 41. Qe8+ {[%emt 0:30:35]} Kg7 {[%emt 0:30:05]} 42. Qe5+ {[%emt 0:00:57]} Kg8 {[%emt 0:00:07]} 43. h4 {[%emt 0:00:00]} Be3 {[%emt 0:00:00]} 44. a4 {[%emt 0:00:00]} Bd4 {[%emt 0:00:00]} 45. Qd5 {[%emt 0:00:00]} Qg1+ {[%emt 0:00:00]} 46. Kh3 {[%emt 0:00:00]} Qa1 {[%emt 0:00:00]} 47. a5 {[%emt 0:00:00]} Qc3 {[%emt 0:00:00]} 48. b5 {[%emt 0:00:00]} Bf2 {[%emt 0:00:00]} 49. Qd6 {[%emt 0:00:20]} Qxa5 {[%emt 0:00:00]} 50. e5 {[%emt 0:00:18]} Qb6 {[%emt 0:00:00]} 51. Bc6 {[%emt 0:01:44]} Qe3 {[%emt 0:00:00]} 52. Qd8+ {[%emt 0:00:06]} Kg7 {[%emt 0:00:00]} 53. Qf6+ {[%emt 0:00:04]} Kg8 {[%emt 0:00:00]} 54. Qd8+ {[%emt 0:00:02]} Kg7 {[%emt 0:00:00]} 55. Qf6+ {[%emt 0:00:02]} Kg8 {[%emt 0:00:00]} 56. Bf3 {[%emt 0:02:41]} Qb6 {[%emt 0:00:00]} 57. Qf4 {[%emt 0:04:14]} 1/2-1/2